PFI: buy now, pay later? (Record no. 72151)

MARC details
000 -LEADER
fixed length control field 01331cam a2200265 4500
001 - CONTROL NUMBER
control field ABS66433
008 - FIXED-LENGTH DATA ELEMENTS--GENERAL INFORMATION
fixed length control field 030226n2002 000 0 eng u
035 ## - SYSTEM CONTROL NUMBER
System control number (Sirsi) u121423
100 ## - MAIN ENTRY--PERSONAL NAME
Personal name Coyle, D.
245 ## - TITLE STATEMENT
Title PFI: buy now, pay later?
260 ## - PUBLICATION, DISTRIBUTION, ETC.
Date of publication, distribution, etc. 2002
490 ## - SERIES STATEMENT
Series statement Building Services Journal
Volume/sequential designation 24(12) December 2002, 34-46(10)
520 ## - SUMMARY, ETC.
Summary, etc. A series of four articles on PFI. The first examines PFI, considers the problems that face those using PFI to fund public building schemes and looks at what needs to be done to improve its credibility. In the second article, EMCOR explains why the construction industry is still going into PFI projects and that the industry needs to learn new ways of managing and working. The third article examines the effect of PFI policy on designers involved in PFI projects. The final article discusses the experience of Whitby Bird in designing for PFI schools and whether the end result is something to be proud of.
590 ## - LOCAL NOTE (RLIN)
Local note ABS
650 ## - SUBJECT ADDED ENTRY--TOPICAL TERM
Topical term or geographic name entry element PUBLIC PRIVATE PARTNERSHIPS
650 ## - SUBJECT ADDED ENTRY--TOPICAL TERM
Topical term or geographic name entry element BUILT ENVIRONMENT-CONSTRUCTION DESIGN
650 ## - SUBJECT ADDED ENTRY--TOPICAL TERM
Topical term or geographic name entry element PUBLIC SECTOR
650 ## - SUBJECT ADDED ENTRY--TOPICAL TERM
Topical term or geographic name entry element PRIVATE SECTOR
650 ## - SUBJECT ADDED ENTRY--TOPICAL TERM
Topical term or geographic name entry element GOVERNMENT POLICY
690 ## - LOCAL SUBJECT ADDED ENTRY--TOPICAL TERM (OCLC, RLIN)
Topical term or geographic name as entry element MANAGEMENT-BUSINESS MANAGEMENT-FINANCIAL MANAGEMENT
700 ## - ADDED ENTRY--PERSONAL NAME
Personal name Fletcher, K.
700 ## - ADDED ENTRY--PERSONAL NAME
Personal name Kennett, S.
700 ## - ADDED ENTRY--PERSONAL NAME
Personal name Keelin, A.
942 ## - ADDED ENTRY ELEMENTS (KOHA)
Suppress in OPAC 0
Holdings
Withdrawn status Lost status Source of classification or shelving scheme Damaged status Not for loan Home library Current library Shelving location Date acquired Total Checkouts Full call number Barcode Date last seen Copy number Price effective from Koha item type
    Dewey Decimal Classification     London London Journal article 26/02/2003   ABS66433 121423-1001 06/08/2019 1 06/08/2019 Journal article